000 00747nam a2200289Ia 4500
005 20260324114220.0
008 008 260324s9999 xx 000 0 eng d
020 _a9781003146957
037 _aEBOOK
040 _aCRL
040 _beng
040 _cCRL
041 _2eng
041 _aeng
084 _qCRL
100 _aRabei G. Khamisy; Rafael Y. Lewis; Vardit R. Shotten-Hallel
_91149891
245 0 _aExploring Outremer Volume I
245 0 _bStudies in Medieval History in Honour of Adrian J. Boas
260 _bTaylor and Francis
260 _c2023
365 _a
365 _b220
856 _uhttp://www.taylorfrancis.com/books/9781003146957
942 _cEBOOK
999 _c1739943
_d1739943